000
00267nam a2200109Ia 4500
008
190216s9999||||xx |||||||||||||| ||und||
100
_a
Vallathol
245
0
_a
Ende Gurunathan
260
_b
"Vallathol Grandhalayam, Cheruthuruthi"
650
_a
Kavithkal
942
_c
BK
999
_c
24167
_d
24167